|
|
|
|
| LEADER |
00000nam a22000007a 4500 |
| 005 |
20190909222112.0 |
| 007 |
cr|||| |||| |
| 008 |
190909s2017 br |||||s|||| 00||0 por d |
| 020 |
|
|
|a 978-85-88576-099-4
|
| 035 |
|
|
|a 30211
|
| 040 |
|
|
|a vLex
|
| 090 |
|
|
|c 9434
|d 9434
|
| 100 |
1 |
|
|a Ferraz de Oliveira, Hľio
|
| 245 |
1 |
0 |
|a Adoȯ̂
|h [Recurso electrn̤ico] :
|b aspectos jurd̕icos, prt̀icos e efetivos /
|c Hľio Ferraz de Oliveira
|
| 256 |
|
|
|a Servicio en ln̕ea
|
| 260 |
|
|
|a San Pablo:
|b Editora Mundo Jurd̕ico,
|c 2017
|
| 300 |
|
|
|a 1 recurso electrn̤ico
|
| 500 |
|
|
|a Este ̌um livro que busca o aprofundamento dos estudos sobre o tema e sugere reflexe̳s com a finalidade de reconstruir a cultura adotiva – cultura esta que, apesar de passar por profundas modificaė̳s, ainda permanece aqum̌ da realidade das crianȧs e dos adolescentes acolhidos institucionalmente.
|
| 506 |
1 |
|
|a Disponible solo en los productos indicados
|d vLex Global
|d vLex Global (Academic Edition, excluding Law Schools)
|d vLex Global (U.S. Academic Edition, Law Schools)
|d vLex Global (U.S. Academic Edition, excluding Law Schools)
|d vLex Global (Academic Edition, Law Schools)
|
| 650 |
0 |
4 |
|a Derecho Civil
|z Brasil
|
| 740 |
0 |
|
|a vLex Libros (Servicio en ln̕ea)
|
| 856 |
4 |
0 |
|u http://vlex.com/source/ado-o-aspectos-juridicos-praticos-e-efetivos-30211
|z Acceso restringido
|
| 942 |
|
|
|c BOOK
|
| 999 |
0 |
|
|a Civil Law
|